Science Quiz

Random Science Quiz

Interactions Among Living Things Quiz Stats

 Plays Quiz not verified by Sporcle

Challenge
Share
Tweet
Embed
Score 0/22 Timer 10:00
0 Plays Today
Hint Answer % Correct
Organism that is killed and eatenprey
64.7%
An interaction in which one organism kills another for foodpredation
55.9%
Symbiotic relationship in which both species benefitmutualism
55.9%
Behaviors and physical characteristics that allow organisms to live successfully in their environmentsadaptation
52.9%
Organism that kills and eats another organismpredator
52.9%
Any relationship in which two species live closely together and at least one benefitssymbiosis
52.9%
Organism that benefits by living on or inside of another organismparasite
52.9%
Symbiotic relationship in which one species benefits and the other is harmedparasitism
50%
The struggle between organisms to survive as they use the same limited resourcescompetition
47.1%
Symbiotic relationship in which one species benefits and the other is neither helped nor harmedcommensalism
44.1%
Biome that is extremely cold and drytundra
41.2%
Hint Answer % Correct
The role of an organism in its environmentniche
38.2%
Organism that is harmed by an organism living on or inside of ithost
35.3%
An environment with a specific climate and certain organismsbiome
29.4%
Biome that can undergo large shifts in temperature from day to night and receives very little precipitationdesert
29.4%
Process through which a characteristic that makes an individual better suited to its environment becomes more common in that species over timenatural selection
26.5%
Biome with moderate temperatures and precipitationgrassland
20.6%
Grasslands that are located closer to the equatorsavanna
17.6%
Biome that experiences seasons and has trees that shed their leaves each year and grow new onesdeciduous forest
17.6%
Biome with moderate temperatures and a lot of precipitationtemperate rain forest
11.8%
Biome that is very cold and usually receives a lot of snowboreal forest
11.8%
Biome with hot temperatures and a lot of precipitationtropical rain forest
8.8%

You're not logged in!

Compare scores with friends on all Sporcle quizzes.
Join for Free
OR
Log In

You Might Also Like...

Show Comments

Extras

Top Quizzes Today


Score Distribution

Your Account Isn't Verified!

In order to create a playlist on Sporcle, you need to verify the email address you used during registration. Go to your Sporcle Settings to finish the process.

Report this User

Report this user for behavior that violates our Community Guidelines.

Details: